Claro - escuro ou a nefasta Aurora (Registo nº 201991)
[ vista simples ]
| 000 -Etiqueta do registo | |
|---|---|
| Valores | 00626nam 22002053 4500 |
| 010 ## - Número ISBN | |
| ISBN | 972-9201-16-1 |
| 021 ## - Número do Depósito Legal | |
| Código do país | Portugal |
| Número | 59857/92 |
| 100 ## - Dados gerais de processamento | |
| Dados gerais | 20260428d u||y0pory50 ba |
| 200 ## - Titulo e menção de responsabilidade | |
| Título próprio | Claro - escuro ou a nefasta Aurora |
| Primeira menção de responsabilidade | José Emílio-Nelson |
| 210 ## - Publicação | |
| Local de publicação | Porto |
| Nome do editor | Gota de Água |
| Data de publicação | 1992 |
| 215 ## - Descrição física | |
| Paginação / Volumes | [32] p. |
| Outras indicações físicas | brochado |
| Dimensões | 21 cm |
| 300 ## - Notas gerais | |
| Texto da nota | Contém dedicatória na folha de rosto |
| 606 ## - Nome comum usado como assunto | |
| ID Autoridade | 23 |
| Palavra de ordem | Literatura Portuguesa |
| Subdivisão assunto | Poesia |
| 675 ## - CDU | |
| Notação | 821.134.3-1 |
| Edição | PT |
| Língua | por |
| 700 ## - Autor principal (pessoa individual) | |
| ID Autoridade | 17210 |
| Apelido | Emílio-Nelson |
| Nome | José |
| Datas | 1948- |
| 801 ## - Fonte de origem | |
| País | PT |
| Agência | BMMN |
| Regras de catalogação | RPC |
| 830 ## - Notas gerais do catalogador | |
| Criado por | Ana Falardo |
| Indexado por | Ana Falardo |
| 990 ## - Elementos KOHA | |
| Tipo de documento | Livro |
| Situação do levantamento | Biblioteca de origem | Código de barras | Cota | Permissão de empréstimo | Tipo de documento | Nota relativa ao exemplar | Forma de aquisição |
|---|---|---|---|---|---|---|---|
| Biblioteca Municipal de Montemor-o-Novo | 31397 | 821.134.3-1 EMI|SAF | Livro | Acesso Condicionado | Oferta |